[Event "Idaho Closed"]
[Site "Twin Falls, ID"]
[Date "2009.02.14"]
[Round "2.10"]
[White "Patterson, Kevin R"]
[Black "Kircher, Caleb Paul"]
[Result "0-1"]
[WhiteElo "1017"]
[BlackElo "1505"]

1. e4 c5 2. Nf3 Nc6 3. Bc4 d6 4. c3 g6 5. d4 cxd4 6. cxd4 Bg7 7. Bb3 Nf6 8.
Nc3 O-O 9. O-O h6 10. h3 Bd7 11. a3 Qc8 12. Bf4 g5 13. Bh2 g4 14. hxg4 Bxg4
15. Qd3 Bxf3 16. gxf3 Qh3 17. Ne2 Nh5 18. Rad1 Kh8 19. Qe3 e6 20. f4 Qg4+ 21.
Bg3 Bf6 22. f5 Bg5 23. Qd3 Rg8 24. Kg2 Bh4 25. Rh1 Bxg3 26. fxg3 Rg5 27. Rdf1
Rag8 28. Rf3 R8g7 29. Kf2 exf5 30. Rh4 fxe4 31. Qxe4 Qxe4 32. Rxe4 d5 33. Rh4
f5 34. Bxd5 Re7 35. Rc3 Nf6 36. Bxc6 bxc6 37. Rxc6 Ng4+ 38. Ke1 Kg7 39. Kd2
Nf6 40. Nf4 Ne4+ 41. Kc2 Rg4 42. Rhxh6 Nxg3 43. Rhg6+ Kf7 44. Rcf6+ Ke8 45.
Rxg4 fxg4 46. d5 Ne4 47. Rg6 g3 48. d6 Re5 49. Nd3 Rg5 50. Re6+ Kd7 51. Nf4 g2
{#R} 0-1

[Event "Idaho Closed"]
[Site "Twin Falls, ID"]
[Date "2009.02.15"]
[Round "3.7"]
[White "Kircher, Caleb Paul"]
[Black "Dominick, Matthew Thomas"]
[Result "1-0"]
[WhiteElo "1505"]
[BlackElo "1274"]

1. f4 d5 2. b3 g6 3. Bb2 Nf6 4. e3 Bg7 5. Nf3 O-O 6. Be2 Bf5 7. O-O e6 8. Ne5
h5 9. h3 h4 10. d3 Nfd7 11. Nd2 Nxe5 12. fxe5 Qg5 13. Rf3 Nd7 14. d4 Be4 15.
Nxe4 dxe4 16. Rf4 Rad8 17. Qc1 f5 18. Qe1 Bh6 19. Bc1 Qe7 20. Rf1 Kg7 21. Kh1
c5 22. c3 cxd4 23. cxd4 Nb6 24. Qa5 Ra8 25. Ba3 Qf7 26. Bxf8+ Qxf8 27. Rac1
Nd5 28. Bc4 Bxe3 29. Rcd1 b6 30. Qa6 Qe7 31. Bxd5 exd5 32. Rfe1 Bf2 33. Re2 e3
34. Rc1 f4 35. Rec2 Kh6 36. Rc7 Qg5 37. Rh7+ Kxh7 38. Qb7+ Kh6 39. Qxa8 Qg3
40. Qh8+ Kg5 41. Qf6+ Kh5 42. Rc8 Qg5 43. Rh8+ Qh6 44. Rxh6+ Kxh6 45. Qxf4+ g5
46. Qf3 Bg3 47. Qxe3 Kg6 48. Qf3 Bf4 49. Qg4 Kf7 50. Qd7+ Kf8 51. e6 Kg8 52.
Qf7+ Kh8 53. e7 Bd6 54. e8=R+ Bf8 55. Rxf8# 1-0

[Event "Idaho Closed"]
[Site "Twin Falls, ID"]
[Date "2009.02.15"]
[Round "4.5"]
[White "Buckendorf Jr., Glen"]
[Black "Kircher, Caleb Paul"]
[Result "1-0"]
[WhiteElo "1800"]
[BlackElo "1505"]

1. e4 c5 2. Nf3 Nc6 3. d4 cxd4 4. Nxd4 g6 5. Nc3 Bg7 6. Be3 d6 7. Qd2 Nf6 8.
O-O-O O-O 9. f3 Bd7 10. g4 Rc8 11. h4 h5 12. Rg1 hxg4 13. Nxc6 bxc6 14. Be2
gxf3 15. Bxf3 Qa5 16. Rg5 Qb4 17. a3 Qb8 18. h5 Nh7 19. Rg2 Be8 20. Rdg1 Kh8
21. Rh2 d5 22. hxg6 fxg6 23. Bg4 Bf7 24. Bxc8 Rxc8 25. Rgh1 Bg8 26. Qg2 Qd6
27. Rxh7+ Bxh7 28. Qh3 {#r} 1-0

[Event "Idaho Closed"]
[Site "Boise, ID"]
[Date "2010.02.13"]
[Round "1.14"]
[White "Featherston, Scott"]
[Black "Kircher, Caleb Paul"]
[Result "0-1"]
[WhiteElo "815"]
[BlackElo "1548"]

1. e4 d5 2. Nc3 dxe4 3. Nxe4 e5 4. b3 Nf6 5. Ng5 h6 6. N5h3 Bf5 7. Bb2 Bd6 8.
f3 O-O 9. Ne2 Nc6 10. g4 Nxg4 11. fxg4 Bxg4 12. Nf2 Qh4 13. c3 Bc5 14. d4 exd4
15. Qd3 dxc3 16. Ng3 Rfe8+ 17. Be2 Rxe2+ 18. Nxe2 Qxf2+ 19. Kd1 cxb2 20. Rb1
Bxe2+ 21. Qxe2 Rd8+ 22. Kc2 Qxe2+ 23. Kc3 Bb4# 0-1

[Event "Idaho Closed"]
[Site "Boise, ID"]
[Date "2010.02.13"]
[Round "2.3"]
[White "Kircher, Caleb Paul"]
[Black "Evers, Jason"]
[Result "1/2-1/2"]
[WhiteElo "1548"]
[BlackElo "1887"]

1. e4 g6 2. d4 Bg7 3. Nf3 d6 4. h3 Nf6 5. Nc3 O-O 6. Be2 Nc6 7. d5 Nb8 8. O-O
e5 9. Ne1 Ne8 10. Be3 f5 11. f3 f4 12. Bf2 g5 13. Kh1 Qf6 14. Bg1 Qh6 15. Nd3
Nd7 16. Nf2 Ndf6 17. Ng4 Qg6 18. Nf2 h5 19. Bh2 h4 20. Bb5 a6 21. Bxe8 Rxe8
22. Re1 Nh5 23. Ng4 Ng3+ 24. Bxg3 hxg3 25. Kg1 Rf8 26. a4 Bd7 27. b4 Rf7 28.
Kf1 Raf8 29. Ke2 Bc8 30. Nb1 c5 31. b5 b6 32. c4 Ra7 33. Nc3 Bd7 34. Qb3 Rfa8
35. Ra2 Qe8 36. Rea1 Kh7 37. Qb2 Kg6 38. Rh1 axb5 39. axb5 Rxa2 40. Nxa2 Ra5
41. Nc3 Qa8 42. Rb1 Ra3 43. Qc2 Qa5 44. Rb3 Rxb3 45. Qxb3 Qa1 46. Nd1 Qd4 47.
Qc2 Qg1 48. Kd3 Qf1+ 49. Qe2 Qg1 50. Qc2 Bf8 51. Kc3 Qd4+ 52. Kb3 Bxb5 53.
cxb5 Qb4+ 54. Ka2 Qxb5 55. Nc3 Qa5+ 56. Qa4 Qxc3 57. Qe8+ Kg7 58. Qd7+ Kh8 59.
Nf6 Qc2+ 60. Ka3 Qc3+ 61. Ka2 {#d} 1/2-1/2

[Event "Idaho Closed"]
[Site "Boise, ID"]
[Date "2010.02.15"]
[Round "5.4"]
[White "Kircher, Caleb Paul"]
[Black "Buckendorf Jr., Glen"]
[Result "1-0"]
[WhiteElo "1548"]
[BlackElo "1800"]

1. f4 c5 2. e3 d5 3. Nf3 Nc6 4. Bb5 Bd7 5. O-O a6 6. Bxc6 Bxc6 7. Ne5 Rc8 8.
b3 Nf6 9. Bb2 e6 10. d3 Bd6 11. Nd2 O-O 12. Ndf3 b5 13. Nxc6 Rxc6 14. Ne5 Rc7
15. Rf3 Nd7 16. Rh3 g6 17. Qg4 Nxe5 18. fxe5 Be7 19. Rf1 d4 20. e4 f5 21. exf6
Rxf6 22. Rxf6 Bxf6 23. Qxe6+ Kg7 24. Bc1 h5 25. Rf3 Qe7 26. Qxa6 Bg5 27. Rg3
Ra7 28. Bxg5 Rxa6 29. Bxe7 Rxa2 30. Bxc5 Rxc2 31. Bxd4+ Kf7 32. Rf3+ Ke7 33.
b4 Rc1+ 34. Kf2 Rc2+ 35. Kg3 h4+ 36. Kh3 Rc6 37. Kxh4 Rc2 38. Bc5+ Ke6 39. Rg3
{#r} 1-0

[Event "Idaho Closed"]
[Site "Boise, ID"]
[Date "2010.02.15"]
[Round "6.3"]
[White "Weyland, Phil"]
[Black "Kircher, Caleb Paul"]
[Result "1-0"]
[WhiteElo "1824"]
[BlackElo "1548"]

1. d4 Nf6 2. c4 g6 3. Nc3 Bg7 4. e4 d6 5. f3 O-O 6. Be3 e5 7. d5 c6 8. Bd3 Nh5
9. Nge2 f5 10. Qd2 f4 11. Bf2 c5 12. a3 g5 13. h3 a5 14. Nb5 Na6 15. Nec3 Nc7
16. Nxc7 Qxc7 17. Nb5 Qe7 18. Rb1 b6 19. b4 axb4 20. axb4 Bd7 21. Qb2 Bxb5 22.
cxb5 Ra7 23. bxc5 dxc5 24. Ra1 Rfa8 25. Ra6 Rb8 26. Qa2 Rxa6 27. bxa6 Qd6 28.
a7 Ra8 29. Bb5 Qe7 30. d6+ Qf7 31. Bc4 {#r} 1-0

[Event "Idaho Closed"]
[Site "Twin Falls, ID"]
[Date "2011.02.19"]
[Round "1.4"]
[White "Pentico, Christopher"]
[Black "Kircher, Caleb Paul"]
[Result "1/2-1/2"]
[WhiteElo "1459"]
[BlackElo "1760"]

1. Nf3 d5 2. c4 e6 3. g3 c6 4. cxd5 exd5 5. Bg2 Nf6 6. O-O Bd6 7. d3 O-O 8. b3
Bc5 9. Bb2 Nbd7 10. Nh4 Bd6 11. Nd2 Be5 12. Bxe5 Nxe5 13. Ndf3 Nxf3+ 14. Nxf3
Re8 15. Nd4 Bd7 16. Rc1 Qb6 17. e3 Rad8 18. Ne2 Bf5 19. Qc2 Qa6 20. Rfd1 Ng4
21. Nd4 Bg6 22. h3 Nxe3 23. fxe3 Rxe3 24. Qf2 Rde8 25. Re1 Qxd3 26. Rxe3 Rxe3
27. Nxc6 bxc6 28. Rxc6 h6 29. Rc5 Re2 30. Bf1 Rxf2 31. Bxd3 Rxa2 32. Bxg6 Ra1+
33. Kf2 fxg6 34. Rxd5 Ra2+ 35. Kf3 Ra3 36. Rb5 a5 37. Kf4 Ra1 38. h4 Rf1+ 39.
Kg4 Ra1 40. h5 gxh5+ 41. Kxh5 Kh7 42. Kg4 a4 43. bxa4 Rxa4+ 44. Kh3 Ra6 45.
Kh4 Kg6 46. g4 Ra3 47. Rb6+ Kh7 48. Rb7 Re3 49. Ra7 Kg6 50. Ra6+ Kf7 51. Ra7+
Re7 52. Ra4 g6 53. Rb4 Re3 54. Rb7+ Kf6 55. Rb6+ Re6 56. Rb5 Rc6 57. Ra5 Ke6
58. Rb5 Kd6 59. Ra5 Kc7 60. Ra7+ {#d} 1/2-1/2

[Event "Idaho Closed"]
[Site "Twin Falls, ID"]
[Date "2011.02.20"]
[Round "4.6"]
[White "Kircher, Caleb Paul"]
[Black "Ye, Michael"]
[Result "1-0"]
[WhiteElo "1760"]
[BlackElo "1354"]

1. e4 c5 2. Nc3 d6 3. Nf3 Nf6 4. d3 g6 5. g3 Bg7 6. Bg2 Nc6 7. h3 Bd7 8. O-O
O-O 9. Be3 Ne8 10. Qd2 f5 11. exf5 Bxf5 12. Nh4 Bd7 13. Kh2 Bf6 14. Nf3 Qc8
15. Rab1 Be6 16. d4 Bf7 17. dxc5 dxc5 18. Bxc5 Bxc3 19. Qxc3 Bxa2 20. Rbe1 Be6
21. Qe3 Ng7 22. b3 Rf6 23. Ba3 Rf5 24. Bb2 Bd5 25. Qc3 Qf8 26. Nh4 Bxg2 27.
Kxg2 Rf7 28. b4 e6 29. b5 Nb4 30. Ba3 Nd5 31. Qb3 Qd8 32. Nf3 Rc8 33. c4 Nb6
34. Rd1 Qe8 35. c5 Nd5 36. Rfe1 Nc7 37. Rb1 a6 38. bxa6 Nxa6 39. Qe3 Rfc7 40.
Rec1 Qf7 41. Rb6 Qe8 42. g4 Qd7 43. Rd6 Qb5 44. Rb6 Qd7 45. c6 Rxc6 46. Rbxc6
Rxc6 47. Re1 Qc8 48. Bb2 Qd8 49. Kg1 Nc7 50. Qe5 Qe7 51. Rd1 Rc5 52. Rd8+ Nce8
53. Qb8 Kf7 54. Ba3 Rc8 55. Qf4+ Qf6 56. Qxf6+ Nxf6 57. Ng5# 1-0

[Event "Idaho Closed"]
[Site "Twin Falls, ID"]
[Date "2011.02.21"]
[Round "6.3"]
[White "Kircher, Caleb Paul"]
[Black "Baggett, Jeff M"]
[Result "0-1"]
[WhiteElo "1760"]
[BlackElo "1696"]

1. e4 c5 2. Nf3 e6 3. d4 cxd4 4. Nxd4 a6 5. Nc3 d6 6. Be2 Nf6 7. Bg5 Be7 8.
Qd2 b5 9. a3 Bb7 10. f3 Nbd7 11. O-O h6 12. Be3 Qc7 13. Rad1 Ne5 14. h3 Nc4
15. Bxc4 bxc4 16. Rfe1 O-O 17. Bf2 d5 18. e5 Nd7 19. Qe2 Nc5 20. Qe3 Rae8 21.
h4 f5 22. h5 f4 23. Qd2 Bg5 24. Nde2 Rc8 25. Nd4 Qf7 26. b4 cxb3 27. cxb3 Rce8
28. Qc2 Qxh5 29. Nxd5 Bxd5 30. Qxc5 Be7 31. Qa5 Ra8 32. Rc1 Qg6 33. Re2 h5 34.
Rec2 h4 35. Nc6 Bxc6 36. Rxc6 h3 37. Kf1 Qxg2+ 38. Ke2 h2 39. Qe1 Bxa3 40. Qh1
Qh3 41. Ra1 Bb2 42. Qf1 Qf5 43. Ra5 Rfd8 44. Rd6 Rxd6 45. exd6 Qc2+ {#R} 0-1

[Event "Idaho Closed"]
[Site "Boise, ID"]
[Date "2012.02.18"]
[Round "1.4"]
[White "Olsoy, Peter John"]
[Black "Kircher, Caleb Paul"]
[Result "0-1"]
[WhiteElo "1313"]
[BlackElo "1793"]

1. d4 Nf6 2. c4 g6 3. Nc3 Bg7 4. e4 d6 5. Be3 O-O 6. Qd2 Ng4 7. Bg5 h6 8. Bh4
Nc6 9. f3 g5 10. Bg3 Nf6 11. Nge2 e5 12. O-O-O Nh5 13. Bf2 Nf4 14. g3 Nxe2+
15. Nxe2 exd4 16. Nxd4 Qf6 17. Nxc6 bxc6 18. Be2 c5 19. Qc2 Rb8 20. b3 a5 21.
Kd2 Bh3 22. Ke3 a4 23. Bf1 axb3 24. axb3 Bf5 25. exf5 Rfe8+ 26. Kd2 g4 27. f4
Ra8 28. Bd3 Ra2 29. Rc1 Qc3+ 30. Kd1 Rxc2 31. Bxc2 Qf3+ {#R} 0-1

[Event "Idaho Closed"]
[Site "Boise, ID"]
[Date "2012.02.18"]
[Round "2.3"]
[White "Kircher, Caleb Paul"]
[Black "Furlow, Blake"]
[Result "0-1"]
[WhiteElo "1793"]
[BlackElo "1517"]

1. f4 e5 2. fxe5 d6 3. exd6 Bxd6 4. Nf3 Bg4 5. e4 Nc6 6. Bb5 Bxf3 7. Qxf3 Qh4+
8. g3 Qh3 9. d4 O-O-O 10. Bxc6 bxc6 11. c3 f6 12. Be3 h5 13. Nd2 h4 14. O-O-O
Qe6 15. d5 cxd5 16. exd5 Qd7 17. Nc4 Qa4 18. Nxd6+ Rxd6 19. Kb1 hxg3 20. Rd4
Qe8 21. Bf4 Rb6 22. Bxg3 Ne7 23. Re1 Qg6+ 24. Ka1 Qc2 25. Rb1 Nf5 26. Rc4 Re8
27. Rxc7+ Kd8 28. d6 Nxd6 29. Bxd6 Qxb2+ 30. Rxb2 Re1+ 31. Rb1 Rbxb1# 0-1

[Event "Idaho Closed"]
[Site "Boise, ID"]
[Date "2012.02.20"]
[Round "5.2"]
[White "Stewart, Timothy"]
[Black "Kircher, Caleb Paul"]
[Result "1-0"]
[WhiteElo "1901"]
[BlackElo "1793"]

1. d4 d5 2. Nf3 c6 3. e3 Bg4 4. Be2 Nd7 5. Nbd2 Ngf6 6. c4 e6 7. a3 Ne4 8.
Nxe4 Bxf3 9. gxf3 dxe4 10. fxe4 e5 11. Bf3 c5 12. d5 Bd6 13. Qa4 O-O 14. Bd2
Qc7 15. Ke2 a6 16. Qc2 b5 17. b3 b4 18. axb4 cxb4 19. Ra2 a5 20. Rha1 Qb6 21.
Ra4 Nc5 22. Bxb4 Nxa4 23. Bxd6 Qxd6 24. Rxa4 Rfc8 25. Qc3 Qc7 26. Kd3 Rab8 27.
Bg4 Rf8 28. Rxa5 Rxb3 29. Qxb3 Qxa5 30. Qc3 Qc7 31. c5 Rb8 32. d6 Qa7 33. c6
Qa6+ 34. Kd2 Qa2+ 35. Ke1 Rb1+ 36. Bd1 Qa4 37. Qd3 Qa5+ 38. Qd2 Qd8 39. c7 Qd7
40. Qc2 Rxd1+ 41. Qxd1 g6 42. Qd5 {#r} 1-0

[Event "Idaho Closed"]
[Site "Twin Falls, ID"]
[Date "2013.02.18"]
[Round "6.3"]
[White "Kircher, Caleb Paul"]
[Black "Bartell, Fred"]
[Result "1-0"]
[WhiteElo "1845"]
[BlackElo "1711"]

1. e4 c5 2. Nc3 Nc6 3. f4 e5 4. fxe5 Nxe5 5. Nf3 Nxf3+ 6. Qxf3 d6 7. Bc4 Qf6
8. Bb5+ Bd7 9. Bxd7+ Kxd7 10. Qe2 a6 11. d3 Qh4+ 12. g3 Qh3 13. Be3 Nf6 14.
O-O-O b5 15. Rdf1 Qe6 16. Qf3 Be7 17. Nd5 Rhb8 18. h3 Bf8 19. g4 h6 20. Rhg1
Rb7 21. h4 Nxd5 22. exd5 Qf6 23. Qe4 Qe7 24. Qf5+ Ke8 25. Bxh6 Qxh4 26. Bd2 g6
27. Qf4 Rd7 28. Rh1 g5 29. Qf3 {#r} 1-0

[Event "Idaho Closed"]
[Site "Twin Falls, ID"]
[Date "2014.02.15"]
[Round "1.2"]
[White "Kircher, Caleb Paul"]
[Black "Mabry, William B"]
[Result "1-0"]
[WhiteElo "1911"]
[BlackElo "1279"]
[EventRounds "6"]
[EventCountry "USA"]

1. e4 e6 2. d3 d5 3. Nd2 dxe4 4. dxe4 Nd7 5. g3 b6 6. Bg2 Bb7 7. Ne2 Be7 8.
O-O Ngf6 9. Nc3 c6 10. Re1 e5 11. Nc4 Bc5 12. Be3 O-O 13. Bxc5 Nxc5 14. Nxe5
Re8 15. f4 Qe7 16. Qe2 Rad8 17. b4 Ncd7 18. Nxd7 Rxd7 19. Qc4 Rd2 20. Re2 Rxe2
21. Nxe2 Nxe4 22. Rd1 Nd6 23. Qd3 Qxe2 24. Qxe2 Rxe2 25. Rxd6 Kf8 26. Bxc6
Bxc6 27. Rxc6 Re4 28. a3 Re1+ 29. Kf2 Re7 30. Rc8+ Re8 31. Rxe8+ Kxe8 32. Ke3
f5 33. Kd4 a6 34. c4 g6 35. Kd5 Kd7 36. a4 h6 37. h4 h5 38. c5 {#r} 1-0

[Event "Idaho Closed"]
[Site "Twin Falls, ID"]
[Date "2014.02.15"]
[Round "2.2"]
[White "Douglas, Kurt P"]
[Black "Kircher, Caleb Paul"]
[Result "0-1"]
[WhiteElo "1668"]
[BlackElo "1911"]
[EventRounds "6"]
[EventCountry "USA"]

1. e4 d5 2. exd5 Nf6 3. d4 Nxd5 4. c4 Nb6 5. Nc3 e5 6. dxe5 Qxd1+ 7. Nxd1 Nc6
8. Bf4 Be6 9. a3 O-O-O 10. Nf3 Nxc4 11. Bxc4 Bxc4 12. Ne3 Be6 13. O-O h6 14.
Rfd1 Bc5 15. b4 Bb6 16. Rxd8+ Rxd8 17. Rd1 Rxd1+ 18. Nxd1 Bg4 19. Nb2 Bxf3 20.
gxf3 Kd7 21. Bg3 Ke6 22. f4 Kd5 23. Kf1 Bd4 24. Nd3 Kc4 25. Ke2 Kb3 26. f5 Bb6
27. e6 fxe6 28. fxe6 Nd4+ 29. Kd2 Nxe6 30. Be5 Kxa3 31. f4 g6 32. Kc3 Be3 33.
Kc4 c6 34. b5 Ka4 35. bxc6 bxc6 36. Bd6 Ka5 37. Nc5 Bxf4 {#R} 0-1

[Event "Idaho Closed"]
[Site "Twin Falls, ID"]
[Date "2014.02.16"]
[Round "4.1"]
[White "Parsons, Larry R"]
[Black "Kircher, Caleb Paul"]
[Result "1/2-1/2"]
[WhiteElo "2000"]
[BlackElo "1911"]
[EventRounds "6"]
[EventCountry "USA"]

1. c4 e6 2. g3 d5 3. Bg2 c6 4. cxd5 exd5 5. Nf3 Nf6 6. O-O Be7 7. d4 O-O 8.
Ne5 Bf5 9. Nd2 Nbd7 10. Ndf3 Ne4 11. Nxd7 Bxd7 12. Ne5 f6 13. Nd3 f5 {#d}
1/2-1/2

[Event "Idaho Closed"]
[Site "Twin Falls, ID"]
[Date "2014.02.17"]
[Round "5.1"]
[White "Kircher, Caleb Paul"]
[Black "Gorman, Cody Austin"]
[Result "1-0"]
[WhiteElo "1911"]
[BlackElo "1808"]
[EventRounds "6"]
[EventCountry "USA"]

1. e4 c5 2. Nc3 d6 3. f4 g6 4. Nf3 Bg7 5. Bb5+ Bd7 6. O-O Nf6 7. d3 Bxb5 8.
Nxb5 Nc6 9. Nc3 Qd7 10. Bd2 Rc8 11. Rc1 e6 12. f5 Nd4 13. fxe6 Nxf3+ 14. Qxf3
fxe6 15. Bg5 O-O 16. Qh3 Nh5 17. Be3 Bxc3 18. bxc3 Rxf1+ 19. Rxf1 Rf8 20.
Rxf8+ Kxf8 21. Bg5 Qf7 22. g4 Nf4 23. Qh6+ Kg8 24. Bxf4 e5 25. Bg3 Qxa2 26.
Qd2 Qe6 27. h3 a5 28. c4 a4 29. Qa5 h5 30. Qxa4 hxg4 31. Qa8+ Kh7 32. Qxb7+
Kh6 33. Qb8 Qf6 34. hxg4 Kh7 35. Kg2 Qg5 36. Qa7+ Kg8 37. Qa5 Qxg4 38. Qd2 Kg7
39. Qe3 Qd1 40. Qf2 Qg4 41. c3 Qd1 42. Qf3 Qd2+ 43. Kf1 Qxc3 44. Bh4 Qc1+ 45.
Kg2 Qd2+ 46. Kf1 Qc1+ 47. Kg2 Qd2+ 48. Kh3 Kg8 49. Be7 Qh6+ 50. Kg3 Qd2 51.
Qf8+ Kh7 52. Qf7+ Kh6 53. Bf8+ Kg5 54. Qe7+ Kh5 55. Qh7+ Kg5 56. Be7# 1-0

[Event "Idaho Closed"]
[Site "Twin Falls, ID"]
[Date "2015.02.14"]
[Round "2.2"]
[White "Kircher, Caleb Paul"]
[Black "Inman, James"]
[Result "1-0"]
[WhiteElo "1819"]
[BlackElo "1650"]
[EventRounds "6"]
[EventCountry "USA"]

1. f4 d5 2. Nf3 Nf6 3. b3 e6 4. e3 Nbd7 5. Bb2 Bd6 6. Be2 O-O 7. O-O Re8 8.
Ne5 c5 9. Bb5 a6 10. Bxd7 Nxd7 11. Qg4 f6 12. Nxd7 Bxd7 13. d3 e5 14. f5 e4
15. d4 Qc7 16. dxc5 Bxh2+ 17. Kh1 Be5 18. Bd4 Bb5 19. Rd1 Bxd4 20. exd4 Qa5
21. a3 Rad8 22. b4 Qc7 23. Nc3 Bc4 24. Re1 e3 25. Qf3 Qe7 26. a4 e2 27. Ra3
Qe3 28. Qxe3 Rxe3 29. Kg1 Rde8 30. Kf2 g6 31. fxg6 hxg6 32. g3 f5 33. Nb5 f4
34. gxf4 R3e4 35. Nd6 Rxf4+ 36. Rf3 Rxf3+ 37. Kxf3 Rf8+ 38. Ke3 Rf1 39. Kd2
Rf4 40. c3 Bb3 41. Rxe2 Bxa4 42. Nxb7 Kf7 43. Nd6+ Kf6 44. Ke3 Rg4 45. Rf2+
Kg5 46. Nf7+ Kh4 47. Rf4 g5 48. Rxg4+ Kxg4 49. c6 Kg3 50. Ne5 Bc2 51. c7 Bf5
52. Nc6 g4 53. Ne7 Be6 54. Nxd5 Kh2 55. Nf4 g3 56. c4 g2 57. Nxg2 Kxg2 58. d5
Bc8 59. c5 Kg3 60. c6 Kg4 61. d6 Kf5 62. d7 Ke6 {#r} 1-0

[Event "Idaho Closed"]
[Site "Twin Falls, ID"]
[Date "2015.02.16"]
[Round "5.2"]
[White "Douglas, Kurt P"]
[Black "Kircher, Caleb Paul"]
[Result "1/2-1/2"]
[WhiteElo "1645"]
[BlackElo "1819"]
[EventRounds "6"]
[EventCountry "USA"]

1. e4 g6 2. d4 Bg7 3. Be3 c5 4. c3 cxd4 5. cxd4 Nc6 6. Nc3 d6 7. Bb5 Qa5 8.
Qa4 Qxa4 9. Bxa4 Bd7 10. Nge2 Nf6 11. O-O Ng4 12. d5 Nb4 13. Bxd7+ Kxd7 14.
Bd4 Bxd4 15. Nxd4 Rac8 16. h3 Ne5 17. Rfd1 Nc4 18. Rab1 Na6 19. Ncb5 Nc5 20.
f3 a6 21. Nc3 b5 22. b3 Nb6 23. Nc6 e6 24. Nb4 a5 25. dxe6+ fxe6 26. Nd3 b4
27. Nb5 Nxd3 28. Rxd3 Rc6 29. Rbd1 d5 30. exd5 exd5 31. Kf2 Re8 32. R1d2 Rc5
33. Nd4 Kd6 34. Re3 Rxe3 35. Kxe3 Rc1 36. Rc2 Rxc2 37. Nxc2 Nd7 38. Nd4 Nc5
39. Nb5+ Kc6 40. Nd4+ Kb6 41. Nc2 Ne6 42. Nd4 Nc7 43. Kf4 Kc5 44. Ke5 h6 45.
f4 Ne8 46. Ne6+ Kc6 47. Nd4+ {#d} 1/2-1/2

[Event "Idaho Closed"]
[Site "Twin Falls, ID"]
[Date "2016.02.13"]
[Round "1.2"]
[White "Reid, Clinton Morris"]
[Black "Kircher, Caleb Paul"]
[Result "1-0"]
[WhiteElo "1518"]
[BlackElo "1922"]
[EventRounds "6"]
[EventCountry "USA"]

1. d4 g6 2. Nf3 Bg7 3. e4 c5 4. Bc4 cxd4 5. O-O Nc6 6. c3 dxc3 7. Nxc3 d6 8.
Ng5 Ne5 9. Bb3 h6 10. Nf3 Bg4 11. Ba4+ Kf8 12. Nxe5 Bxd1 13. Nd7+ Qxd7 14.
Bxd7 Bc2 15. f3 e6 16. Bf4 Ke7 17. Rac1 Bxc3 18. bxc3 Kxd7 19. Rxc2 e5 20. Bc1
Rc8 21. Bb2 Rc4 22. f4 Ke6 23. fxe5 dxe5 24. Rcf2 Rh7 25. Ba3 Rxc3 26. Bb4 Rc4
27. a3 Rxe4 28. Rc2 f5 29. Rc8 Nf6 30. Rd1 Rd4 31. Re1 b6 32. Rc6+ Kf7 33. Bc3
Rd7 34. Bxe5 Ne4 35. Rec1 Re7 36. Bb2 g5 37. Rd1 h5 38. a4 f4 39. Rd8 g4 40.
Ba3 Nc5 41. Bb2 Re6 42. Rcc8 Kg6 43. Rd5 Rhe7 44. Rg8+ Kh6 45. Rh8+ Rh7 46.
Rf8 Re4 47. Rf6+ Kg7 48. Rg5+ {#r} 1-0

[Event "Idaho Closed"]
[Site "Twin Falls, ID"]
[Date "2016.02.13"]
[Round "2.11"]
[White "Kircher, Caleb Paul"]
[Black "Orr, Kyle"]
[Result "1-0"]
[WhiteElo "1922"]
[BlackElo "1054"]
[EventRounds "6"]
[EventCountry "USA"]

1. f4 d5 2. Nf3 Nf6 3. e3 Nc6 4. Bb5 Bd7 5. b3 e6 6. Bb2 Nb4 7. Bxd7+ Qxd7 8.
Ne5 Qb5 9. Nc3 Qa5 10. O-O Bd6 11. a3 Nc6 12. Nxc6 bxc6 13. Ne2 Be7 14. Nd4
Qc5 15. Qe2 a5 16. a4 Qb6 17. Nf3 O-O 18. Ne5 Rad8 19. Kh1 c5 20. Ba3 Rde8 21.
Qb5 Qxb5 22. axb5 c4 23. Bxe7 Rxe7 24. bxc4 Ne4 25. d3 Nf6 26. Nc6 Rd7 27. c5
Ng4 28. Rfe1 Re8 29. h3 Nh6 30. Rxa5 Nf5 31. g4 Ne7 32. Rb1 Nxc6 33. bxc6 Rdd8
34. Rb7 Rc8 35. Raa7 Re7 36. Kg2 h6 37. Kf3 f5 38. Rb4 Kf7 39. Rd4 Rd8 40. c4
fxg4+ 41. hxg4 Kf6 42. e4 e5 43. Rxd5 Rxd5 44. cxd5 g6 45. fxe5+ Rxe5 46. Rxc7
h5 47. gxh5 gxh5 48. Kf4 Rg5 49. Rf7+ Kg6 50. Rg7+ {#r} 1-0

[Event "Idaho Closed"]
[Site "Twin Falls, ID"]
[Date "2016.02.14"]
[Round "4.3"]
[White "Landon, Lloyd"]
[Black "Kircher, Caleb Paul"]
[Result "1/2-1/2"]
[WhiteElo "1842"]
[BlackElo "1922"]
[EventRounds "6"]
[EventCountry "USA"]

1. c4 g6 2. d4 Bg7 3. Nc3 c5 4. d5 Bxc3+ 5. bxc3 Qa5 6. Qb3 f5 7. Qa3 Qxa3 8.
Bxa3 d6 9. Bc1 Nf6 10. f3 Nbd7 11. Bf4 Ne5 12. Bxe5 dxe5 13. e3 Kf7 14. Nh3 h6
15. Nf2 Ne8 16. Nd3 {#d} 1/2-1/2

[Event "Idaho Closed"]
[Site "Twin Falls, ID"]
[Date "2016.02.15"]
[Round "5.4"]
[White "Amen, Chris"]
[Black "Kircher, Caleb Paul"]
[Result "0-1"]
[WhiteElo "1655"]
[BlackElo "1922"]
[EventRounds "6"]
[EventCountry "USA"]

1. e4 d5 2. exd5 Nf6 3. Nf3 Nxd5 4. d4 Bg4 5. Be2 Nc6 6. c4 Nb6 7. d5 Bxf3 8.
Bxf3 Ne5 9. Be2 c6 10. Qd4 Ng6 11. h4 e5 12. Qe3 Bb4+ 13. Bd2 Bxd2+ 14. Nxd2
O-O 15. dxc6 bxc6 16. g3 Re8 17. h5 Nf8 18. h6 g6 19. O-O Rc8 20. Rad1 Qe7 21.
Ne4 Red8 22. c5 Rxd1 23. Rxd1 Nd5 24. Qf3 Ne6 25. Nd6 Rf8 26. Qa3 Nd4 27. Bc4
Qg5 28. Bxd5 cxd5 29. Qe3 Qg4 30. Rd3 f6 31. Kg2 Rb8 32. Qd2 Ne6 33. f3 Qh5
34. Ra3 d4 35. Ne4 Qf5 36. Rxa7 g5 37. Nd6 Qb1 38. b3 d3 39. c6 Qc2 40. Nc4
Rc8 41. Kf2 Rxc6 42. Ra8+ Kf7 43. Ke3 Qb1 44. Ra7+ Rc7 45. Rxc7+ Nxc7 46. Qxd3
Qe1+ 47. Qe2 Nd5+ 48. Kd3 Qc3+ 49. Ke4 Qd4+ {#R} 0-1

[Event "Idaho Closed"]
[Site "Twin Falls, ID"]
[Date "2016.02.15"]
[Round "6.1"]
[White "Kircher, Caleb Paul"]
[Black "Lucky, David"]
[Result "0-1"]
[WhiteElo "1922"]
[BlackElo "2381"]
[EventRounds "6"]
[EventCountry "USA"]

1. f4 Nf6 2. b3 g6 3. Bb2 d5 4. e3 Bg7 5. Nf3 O-O 6. Be2 c5 7. Ne5 e6 8. O-O
b6 9. Bf3 Bb7 10. d3 Nc6 11. Nd2 Rc8 12. Qe2 b5 13. Nxc6 Bxc6 14. c4 a6 15.
Rad1 Qa5 16. a3 Rfd8 17. Be5 dxc4 18. dxc4 Bxf3 19. Nxf3 Ne4 20. Bxg7 Kxg7 21.
Qb2+ Qc3 22. Qxc3+ Nxc3 23. Rxd8 Rxd8 24. cxb5 axb5 25. Kf2 Rd3 26. Rc1 Ne4+
{#R} 0-1


[Site "Twin Falls, ID"]
[Date "2009.02.14"]
[Round "1.1"]
[White "Kircher, Caleb Paul"]
[Black "Parsons, Larry R"]
[Result "0-1"]
[WhiteElo "1447"]
[BlackElo "2015"]

1. f4 d6 2. e4 g6 3. d4 Bg7 4. Nf3 Nf6 5. Bd3 O-O 6. O-O c5 7. e5 Nfd7 8. c3
cxd4 9. cxd4 Nc6 10. Be4 dxe5 11. Bxc6 bxc6 12. dxe5 f6 13. Qb3+ Kh8 14. Rd1
Qb6+ 15. Qxb6 axb6 16. exf6 Bxf6 17. Nd4 Nc5 18. Na3 Ne6 19. Be3 c5 20. Nxe6
Bxe6 {#R} 0-1

[Event "Idaho Closed"]
[Site "Twin Falls, ID"]
[Date "2016.02.15"]
[Round "6.1"]
[White "Kircher, Caleb Paul"]
[Black "Lucky, David"]
[Result "0-1"]
[WhiteElo "1922"]
[BlackElo "2381"]
[EventRounds "6"]
[EventCountry "USA"]

1. f4 Nf6 2. b3 g6 3. Bb2 d5 4. e3 Bg7 5. Nf3 O-O 6. Be2 c5 7. Ne5 e6 8. O-O
b6 9. Bf3 Bb7 10. d3 Nc6 11. Nd2 Rc8 12. Qe2 b5 13. Nxc6 Bxc6 14. c4 a6 15.
Rad1 Qa5 16. a3 Rfd8 17. Be5 dxc4 18. dxc4 Bxf3 19. Nxf3 Ne4 20. Bxg7 Kxg7 21.
Qb2+ Qc3 22. Qxc3+ Nxc3 23. Rxd8 Rxd8 24. cxb5 axb5 25. Kf2 Rd3 26. Rc1 Ne4+
{#R} 0-1